Normal view
MARC view
- Wilson, Ian R
Entry Personal Name
001 - CONTROL NUMBER
- control field: 5825
003 - CONTROL NUMBER IDENTIFIER
- control field: OSt
005 - DATE AND TIME OF LATEST TRANSACTION
- control field: 20240206151220.0
008 - FIXED-LENGTH DATA ELEMENTS
- fixed length control field: 240206|| aca||aabn | a|a d
040 ## - CATALOGING SOURCE
- Original cataloging agency: OSt
- Transcribing agency: OSt
100 ## - HEADING--PERSONAL NAME
- Personal name: Wilson, Ian R
670 ## - SOURCE DATA FOUND
- Source citation: Work cat.: (OSt)7923: Wilson, Ian R ., Modern methods in physical education / , 1958.
